000 00835cam a2200289 i 4500
001 16442
003 BD-RjUL
005 20211209000017.0
008 140213s1977 caua b 000 0 eng d
020 _a0874844266
035 _a(BD-RjUL)16497
040 _aDLC
_cDLC
_dDLC
_dBD-RjUL
_beng
041 _aeng
082 0 0 _a796.343
_219
_bVER 1977
100 1 _aVerner, Bill.
_950840
245 1 0 _aRacquetball /
_cBill Verner with Drew Skowrup.
250 _a1st ed.
260 _aPalo Alto, Calif. :
_bMayfield Pub. Co.,
_c1977.
300 _avii, 113 p. :
_bill. ;
_c23 cm.
500 _a"Official rules of racquetball": p. 99-107.
504 _aBibliography: p. 113.
650 0 _aRacquetball.
_950841
700 1 _aSkowrup, Drew,
_ejoint author.
_950842
942 _2ddc
_cBK
999 _c16442
_d16442